| 000 | 00999nam a22002297a 4500 | ||
|---|---|---|---|
| 003 | CO-CtgCURN | ||
| 005 | 20250421162045.0 | ||
| 008 | 250421b |||||||| |||| 00| 0 eng d | ||
| 020 | _a9786071512413 | ||
| 040 |
_bspa _ccoctgcurn |
||
| 082 |
_a610.73 _bB192 2015 |
||
| 100 | _aBalderas Pedrero, María de la Luz | ||
| 245 |
_aAdministración de los servicios de enfermería / _cMaría de la Luz Balderas Pedrero. |
||
| 250 | _aSéptima edición. | ||
| 260 |
_aMéxico : _bMcGraw-Hill, _c2015 |
||
| 300 | _a405 páginas | ||
| 504 | _aIncluye índice bibliográfico (p.397-405) | ||
| 505 | _aIntroducción a la teoría general de la administración.--Administración de servicios de enfermería.--Administración de recursos humanos.--Administración de la atención de enfermería.-- Investigación y administración | ||
| 650 | _aPlanificación estratégica. | ||
| 650 |
_aEnfermería _vServicios _xAdministración. |
||
| 942 |
_2ddc _cBK _h610.73 _iB192 2015 _n0 |
||
| 999 |
_c30903 _d30903 |
||